000
00389nam a22001217a 4500
999
_c
8049
_d
8049
003
OSt
005
20200704105617.0
008
200704b ||||| |||| 00| 0 eng d
082
_a
500
100
_a
ಪ್ರೊ ಎ ಬಿ ಕೃಷ್ಣಮೂರ್ತಿ ಆಚಾರ್ (Pro,A B Krishnamurthy Achar)
245
_a
ಖಗೋಳ ವಿಜ್ಞಾನ (Khagola Vignana)
942
_2
ddc